Rosja czy USA? - Statystyki

Ogólne statystyki
  • Ten quiz został rozwiązany 78 razy
    77 od ostatniego zresetowania
  • Średni wynik to 8 z 10
Statystyki odpowiedzi
Zagadnienie Odpowiedź % Poprawnych
Posiada większą powierzchnię Rosja
100%
Walutą są ruble Rosja
100%
Graniczy z większą ilością państw Rosja
100%
Ten kraj dawniej był brytyjską kolonią USA
100%
Posiada większą populacje USA
90%
Ma dłuższą linie brzegową Rosja
87%
Ma większą ilość samych miast USA
75%
Ma starszego prezydenta USA
65%
Jest podzielony/a na więcej stanów/obwodów USA
57%
Ma więcej miast powyżej miliona mieszkańców Rosja
10%
Nie znaleziono quizów pasujących do podanych kryteriów
Rozkład punktacji
Procent ludzi z każdym wynikiem
Percentyl według liczby udzielonych odpowiedzi
Twoja historia wyników
Nie rozwiązałeś tego quizu od ostatniego zresetowania